000 00434nam a2200133 a 4500
001 000030755
005 20200930062506.0
008 110527s1999 mx 000 0 spa d
040 _aDO-SdBNP
_bspa
_cBNPHU
245 0 0 _aVen y utiliza los servicios y recursos de tu biblioteca.
260 _aMéxico :
_bUniversidad Nacional Autónoma de México
_bDirección General de Bibliotecas,
_c1999.
300 _a38 p. ;
_c23 cm.
049 _aBNPD
999 _c30247
_d30247